K privatizácii finančných inštitúcií a vzniku Eximbanky
Problém privatizácie finančných inštitúcií. Kritériá pri hodnotení uchádzačov o privatizáciu finančných inštitúcií. Schválenie zákona o Eximbanke.
Gespeichert in:
| 1. Verfasser: | |
|---|---|
| Weitere Verfasser: | |
| Format: | Buch |
| Sprache: | Slowakisch |
| Schlagworte: | |
| Tags: |
Keine Tags, Fügen Sie das erste Tag hinzu!
|
MARC
| LEADER | 00000nam a2200000 4500 | ||
|---|---|---|---|
| 001 | r031402 | ||
| 005 | 20230606082740.4 | ||
| 041 | 0 | |a slo | |
| 044 | |a SK | ||
| 245 | 1 | 0 | |a K privatizácii finančných inštitúcií a vzniku Eximbanky |c Miroslav Maxon, Peter Greguš |
| 520 | |a Problém privatizácie finančných inštitúcií. Kritériá pri hodnotení uchádzačov o privatizáciu finančných inštitúcií. Schválenie zákona o Eximbanke. | ||
| 610 | 2 | 0 | |a privatizácia |
| 610 | 2 | 0 | |a bankovníctvo |
| 610 | 2 | 0 | |a podnik |
| 610 | 2 | 0 | |a legislatíva |
| 610 | 2 | 0 | |a kontrola banková |
| 610 | 2 | 0 | |a portfólio |
| 610 | 2 | 0 | |a úver |
| 610 | 2 | 0 | |a Eximbanka SR Bratislava |
| 100 | 1 | |a Maxon, Miroslav | |
| 700 | 1 | |a Greguš, Peter | |